La conflictividad laboral en la minería leonesa (Registro nro. 637)

Detalles MARC
000 -LEADER
campo de control de longitud fija 00932nam a22002417a 4500
001 - NÚMERO DE CONTROL
campo de control EIF-X-2019-M5-005
003 - IDENTIFICADOR DE NÚMERO DE CONTROL
campo de control OSt
005 - FECHA Y HORA DE LA ÚLTIMA TRANSACCIÓN
campo de control 20221230122417.0
008 - DATOS DE LONGITUD FIJA--INFORMACIÓN GENERAL
campo de control de longitud fija 221230b |||||||| |||| 00| 0 eng d
040 ## - FUENTE DE CATALOGACIÓN
Centro catalogador/agencia de origen Fundación Jesús Pereda
Centro/agencia transcriptor Fundación Jesús Pereda
041 ## - CÓDIGO DE IDIOMA
Código de lengua del texto/banda sonora o título independiente Castellano
100 ## - ENTRADA PRINCIPAL--NOMBRE DE PERSONA
Filiación Universidad de León
Nombre de persona Martínez Pérez, David
9 (RLIN) 387
111 ## - ENTRADA PRINCIPAL--NOMBRE DE CONGRESO/REUNIÓN
Nombre de congreso/reunión o jurisdicción como elemento de entrada Encuentro de Investigadores del Franquismo
Sede del congreso/Lugar de la reunión (Valencia.
Fecha del congreso o de la firma del tratado 2019.
Número del congreso/reunión o número de parte o sección 10º)
9 (RLIN) 102
245 ## - MENCIÓN DEL TÍTULO
Título La conflictividad laboral en la minería leonesa
Fechas extremas/inclusivas 1962-1975
Mención de responsabilidad, etc. /David Martínez Pérez
650 #0 - PUNTO DE ACCESO ADICIONAL DE MATERIA--TÉRMINO DE MATERIA
9 (RLIN) 359
Término de materia o nombre geográfico como elemento de entrada Plan de estabilización de 1959
650 #0 - PUNTO DE ACCESO ADICIONAL DE MATERIA--TÉRMINO DE MATERIA
9 (RLIN) 462
Término de materia o nombre geográfico como elemento de entrada Sindicalismo
650 #0 - PUNTO DE ACCESO ADICIONAL DE MATERIA--TÉRMINO DE MATERIA
9 (RLIN) 1067
Término de materia o nombre geográfico como elemento de entrada Huelgas
650 #0 - PUNTO DE ACCESO ADICIONAL DE MATERIA--TÉRMINO DE MATERIA
9 (RLIN) 1068
Término de materia o nombre geográfico como elemento de entrada Minería
651 #0 - PUNTO DE ACCESO ADICIONAL DE MATERIA--NOMBRE GEOGRÁFICO
9 (RLIN) 184
Nombre geográfico León
773 ## - ASIENTO DE ITEM FUENTE
Título <a href="Actas del X Encuentro de Investigadores del Franquismo">Actas del X Encuentro de Investigadores del Franquismo</a>
Parte(s) relacionada(s) 583-596 p.
856 ## - LOCALIZACIÓN Y ACCESO ELECTRÓNICOS
Identificador Uniforme de Recursos <a href="https://bibliotecaccoocyl.fundacionjesuspereda.es/cgi-bin/koha/opac-retrieve-file.pl?id=10a822399924c547ab3dcc5259c5df29">https://bibliotecaccoocyl.fundacionjesuspereda.es/cgi-bin/koha/opac-retrieve-file.pl?id=10a822399924c547ab3dcc5259c5df29</a>
942 ## - ELEMENTOS DE ENTRADA SECUNDARIOS (KOHA)
Fuente del sistema de clasificación o colocación Clasificación Decimal Dewey
Tipo de ítem Koha Archivo de computadora
Suprimir en OPAC No

No hay ítems disponibles.

Página web subvencionada totalmente por la Consejería de Cultura y Turismo de la Junta de Castilla y León

Con tecnología Koha